[Event "London WFW"]
[Site "London"]
[Date "1991.??.??"]
[Round "?"]
[White "Watson, William N"]
[Black "Conquest, Stuart"]
[Result "1-0"]
[WhiteElo "2505"]
[BlackElo "2460"]
[Annotator "Blatny,P"]
[PlyCount "71"]
[EventDate "1991.05.??"]
[EventType "tourn"]
[EventRounds "13"]
[EventCountry "ENG"]
[EventCategory "11"]
[SourceTitle "CBM 024"]
[Source "ChessBase"]
[SourceDate "1991.10.01"]
[SourceVersion "1"]
[SourceVersionDate "1991.10.01"]
[SourceQuality "1"]

1. e4 c5 2. Nf3 e6 3. d4 cxd4 4. Nxd4 Nf6 5. Nc3 Nc6 6. Nxc6 (6. Ndb5 Bb4 7.
Bf4 Nxe4 8. Qf3 d5 9. O-O-O Bxc3 10. Nc7+ Kf8 11. bxc3 g5 12. Bg3 Nxg3 13. Qxg3
Rb8 14. Bb5 {Polgar-Maskova, Novi Sad (ol) 1990} f5 $1 15. h4 f4 16. Qxg5 Qxc7
17. Bxc6 bxc6 18. Qf6+ Kg8 19. Rd4 e5 20. Re1 Qg7 21. Qd8+ $10 {Polgar,J;
Polgar,Zso}) 6... bxc6 (6... dxc6 $6 7. Qxd8+ Kxd8 8. e5 Nd7 9. f4 Bb4 10. Bd2
$14) 7. e5 (7. Bd3 d5 $10) 7... Nd5 (7... Ng8 8. Bd3 Qc7 9. Qe2 f5 10. g4 $1
$16 {Taimanov}) 8. Ne4 (8. Nxd5 cxd5 9. Bd3 Ba6 $1 $10) 8... c5 (8... Be7 9. c4
f5 10. exf6 Nxf6 11. Nd6+ Bxd6 12. Qxd6 Ne4 13. Qe5 d5 14. Qxg7 Qa5+ 15. Ke2
Rf8 16. f3 $16) (8... f5 9. exf6 (9. Nd6+ Bxd6 10. exd6 Qb6 $13) 9... Nxf6 10.
Nd6+ Bxd6 11. Qxd6 Qb6 12. Bd3 c5 13. Bf4 $14 {^^}) (8... Qc7 9. f4 Qb6 (9...
c5 10. c4 Nb4 11. a3 Nc6 12. Bd3 Nd4 13. O-O Bb7 14. Be3 Nf5 15. Bf2 $16 {
L-A,Schneider}) 10. Bd3 (10. c4 Bb4+ 11. Ke2 f5 12. Nf2 Bc5 13. Nd3 Ne3 14. Qb3
Nxf1 15. Qxb6 Bxb6 16. Rxf1 $10) 10... Ba6 $13) 9. Be2 Be7 10. O-O O-O 11. c4
Nb4 12. b3 f5 13. exf6 Bxf6 14. Nxf6+ Qxf6 15. Be3 Bb7 16. Qd2 Qf5 17. f3 Rfd8
18. a3 Nc6 19. Qd6 $16 {^^} Rac8 20. Bxc5 Ba8 21. b4 Ne5 22. Rac1 Nf7 23. Qd4
a6 24. Bb6 e5 25. Qd3 Qxd3 26. Bxd3 Re8 27. Rfd1 g6 28. c5 $18 {^^ _|_} Bb7 29.
Bc4 Re7 30. Rd2 Ra8 31. a4 Kf8 32. Rcd1 Ke8 33. Bc7 Rc8 34. Bd6 Nxd6 35. Rxd6
Rb8 36. Rb6 1-0

[Event "Cannes team g/60"]
[Site "Cannes"]
[Date "1992.??.??"]
[Round "4"]
[White "Nunn, John DM"]
[Black "Kouatly, Bachar"]
[Result "1-0"]
[WhiteElo "2615"]
[BlackElo "2515"]
[Annotator "Blatny,P"]
[PlyCount "41"]
[EventDate "1992.02.??"]
[EventType "team"]
[EventRounds "6"]
[EventCountry "FRA"]
[SourceTitle "CBM 028"]
[Source "ChessBase"]
[SourceDate "1992.06.01"]
[SourceVersion "1"]
[SourceVersionDate "1992.06.01"]
[SourceQuality "1"]

1. e4 c5 2. Nf3 e6 3. d4 cxd4 4. Nxd4 Nf6 5. Nc3 Nc6 6. Be2 $5 (6. Ndb5 d6 7.
Bf4 e5 8. Bg5 {--> B33 - Kouatly's idea}) 6... Bb4 7. O-O Bxc3 8. bxc3 Nxe4 9.
Bd3 d5 10. Ba3 Qa5 11. Qc1 Nxd4 12. cxd4 b6 $6 (12... Bd7 $142 13. Rb1 Bc6 14.
Bb4 Qc7 15. Qa3 a5 16. Bxe4 dxe4 17. c4 f6 18. Bd6 Qd7 {= Geller-Chasin, USSR
(ch) 1958}) 13. Rb1 (13. c4 $5 Ba6 14. cxd5 Rc8 $8 15. Qe3 $8 Bxd3 $13) 13...
Ba6 $2 (13... Qd2 14. Qb2 Qc3 15. Qc1 $10 (15. Qb5+ Bd7 16. Qa6 Qc8 $15)) 14.
Re1 O-O-O (14... Bxd3 15. cxd3 {/\Qc6} Nc3 16. Bb4 $18) (14... Rc8 15. Bb4 Qa4
16. Bxe4 dxe4 17. Qg5 $40) 15. Bb4 Qa4 16. c4 Kb7 17. Bc2 (17. Rxe4 $6 dxe4 18.
Bxe4+ Kb8 (18... Kc8 19. c5) 19. Qf4+ Kc8 20. c5 Rxd4 $13) 17... Qc6 (17...
Qxa2 18. cxd5 exd5 (18... Rc8 19. Rb2 Qxd5 20. Bxe4 Qxe4 21. Qxc8+ $18) 19.
Rxe4 $1 dxe4 20. Bxe4+ Kb8 21. Qf4+ Kc8 22. Rc1+ Bc4 23. Qxf7 Rxd4 24. Qb7+ Kd8
25. Bc6 $18) 18. c5 bxc5 (18... b5 $8 19. Qa3 {/\Qa5,a4,Re3-a3 ->}) 19. Ba5+
Kc8 $2 (19... Ka8 20. Bxd8 Rxd8 21. Bxe4 dxe4 22. dxc5 $18) 20. Qa3 $18 cxd4
21. Bxe4 1-0

[Event "Oakham YM"]
[Site "Oakham"]
[Date "1992.??.??"]
[Round "3"]
[White "Rublevsky, Sergei"]
[Black "Shirov, Alexei"]
[Result "0-1"]
[WhiteElo "2505"]
[BlackElo "2655"]
[Annotator "Blatny,P"]
[PlyCount "46"]
[EventDate "1992.03.??"]
[EventType "swiss"]
[EventRounds "9"]
[EventCountry "ENG"]
[SourceTitle "CBM 030"]
[Source "ChessBase"]
[SourceDate "1992.10.01"]
[SourceVersion "1"]
[SourceVersionDate "1992.10.01"]
[SourceQuality "1"]

1. e4 {Bulletin} c5 2. Nf3 e6 3. Nc3 Nc6 4. d4 cxd4 5. Nxd4 Nf6 6. Nxc6 bxc6 (
6... dxc6 $6 7. Qxd8+ Kxd8 8. e5 (8. Bf4 Bb4 9. O-O-O+ Ke7 10. f3 Rd8 11. Bd3
Nh5 12. Bg5+ f6 13. Bd2 Bd6 14. Ne2 e5 {Gazik-Langner, Ostrava 1991} 15. g3 $10
) 8... Nd7 9. f4 Bb4 10. Bd2 $14) 7. e5 (7. Bd3 d5 $10) 7... Nd5 (7... Ng8 8.
Bd3 Qc7 9. Qe2 $14 f5 10. g4 $1 $40) 8. Ne4 (8. Nxd5 cxd5 9. Bd3 Ba6 $1 $10 (
9... d6 10. Bf4 Rb8 (10... Be7 11. Qg4 $36 {Kalinitschev-Dolmatov, USSR 1978})
11. O-O Rxb2 12. Qg4 g6 $13 {Romero Holmes-Nunn, Wijk aan Zee 1992})) 8... Qa5+
(8... Qc7 9. f4 Qb6 (9... Qa5+ 10. Bd2 {Boensch}) 10. c4 Ne3 (10... Bb4+ {
Chandler-Kasparov, Hamburg(sim) 1985} 11. Ke2 f5 12. exf6 Nxf6 13. Be3 $36 {
Rublevsky-Rogozenko, URSchT Azov 1991, Lau-Schmittdiel Budapest Noviki-A 1990})
11. Qd3 Nf5 12. g4 $36 {Kasparov-Illescas Cordoba, Linares 1992,
Hector-Van_der_Wiel, Haninge 1990}) (8... f5 9. exf6 Nxf6 10. Nd6+ Bxd6 11.
Qxd6 Qb6 12. Bd3 c5 13. Bf4 $14) (8... c5 9. Be2 Be7 10. O-O {+/=/=}) (8... Be7
9. c4 f5 10. exf6 Nxf6 11. Nd6+ $36) 9. c3 Ba6 10. Bxa6 Qxa6 11. b3 f5 12. exf6
Nxf6 13. Nd6+ Ke7 $5 (13... Bxd6 14. Qxd6 Qa5 15. O-O $1 (15. Bb2 Qd5 16. Qxd5
cxd5 $10) 15... Qxc3 (15... Ne4 16. Qd4 Qxc3 17. Qxc3 Nxc3 18. Bb2 Ne2+ 19. Kh1
Nf4 (19... c5 20. Bxg7 Rg8 21. Be5 {+/=/+/- B>N _|_}) (19... c5) 20. Bxg7 Rg8
21. Be5 $14) 16. Ba3 Kf7 $8 17. Rac1 $40 (17. Rac1 {Bulletin} Qa5)) 14. Nc4 (
14. a4 {/\Ba3, ><a3-f8} c5 15. Bf4 g6 $13) 14... d5 15. Ba3+ Ke8 16. Qe2 c5 $1
(16... dxc4 17. Qxe6+ Kd8 18. Bxf8 Rxf8 19. O-O $40) 17. Nd2 (17. Ne5 Qxe2+ 18.
Kxe2 Nd7 19. Nf3 a5 20. Ng5 Ra6 $15) 17... Qxa3 18. Qxe6+ Be7 (18... Kd8 19.
Nc4 $3 {Rublevsky} dxc4 20. Qc6 $1 $18) 19. O-O (19. Nf3 Rd8 (19... Kd8 $2 20.
Ne5 Re8 21. Qc6 Rc8 $6 22. Nf7#) 20. Ne5 Rf8 21. O-O {/\Re1->} Rd6 (21... Qa5
22. Qxe7+ $1) 22. Qc8+ Rd8 23. Qe6 $10) 19... c4 20. b4 (20. Rfe1 Kf8 21. b4 (
21. Nf3 Qd6 $19) 21... Re8 22. Nf3 Bxb4 $19) 20... Qa4 21. Rfe1 Qd7 22. Qe3 Kf7
23. Nf3 Bd6 0-1

[Event "Ostrava"]
[Site "Ostrava"]
[Date "1991.??.??"]
[Round "3"]
[White "Gazik, Igor"]
[Black "Langner, Ladislav"]
[Result "0-1"]
[WhiteElo "2455"]
[BlackElo "2360"]
[Annotator "Blatny,P"]
[PlyCount "98"]
[EventDate "1991.09.??"]
[EventType "tourn"]
[EventRounds "9"]
[EventCountry "CZE"]
[EventCategory "9"]
[SourceTitle "CBM 026"]
[Source "ChessBase"]
[SourceDate "1992.02.01"]
[SourceVersion "1"]
[SourceVersionDate "1992.02.01"]
[SourceQuality "1"]

1. e4 c5 2. Nf3 e6 3. d4 cxd4 4. Nxd4 Nf6 5. Nc3 Nc6 6. Nxc6 dxc6 (6... bxc6 7.
e5) 7. Qxd8+ Kxd8 8. Bf4 {עd8} Bb4 $8 9. O-O-O+ Ke7 10. f3 Rd8 11. Bd3 Nh5 12.
Bg5+ f6 13. Bd2 Bd6 14. Ne2 e5 15. g4 $6 (15. g3 $142 Be6 $10) 15... Nf4 16.
Nxf4 exf4 17. Rdg1 Be6 18. g5 Be5 $1 19. a3 (19. h4 $6 Bxa2 20. b3 $4 Bxb3 $19)
19... c5 $1 20. gxf6+ Kxf6 {=/+/-/+ ץd3,Bd2} 21. Be1 $5 h6 22. Bh4+ $2 (22.
Be2 $2 Bd4 $1 {/\Bh3-+}) (22. h4 $5 {/\h5,Bh4+} Rac8 {/\c4-c3-/+ קf3,a3,c2}
23. Bc3 $5 {=/+/-/+ _|_}) 22... g5 23. Bf2 h5 $2 {/\24.Bxc5?? Rac8-+; /\24.h4?
g4} (23... c4 $1 24. Be2 c3 25. b3 (25. bxc3 Rac8 $1 26. h4 g4 $1 (26... Rxc3
27. hxg5+ hxg5 28. Rh6+ Kf7 29. Rxg5 Rdc8 30. Bd3 $1 (30. Rxe5 $2 Rxc2+ 31. Kd1
Rc1+ 32. Kd2 R8c2+ 33. Kd3 Bc4+ 34. Kd4 Rd2+ 35. Kc5 Bxe2+ 36. Kb4 Rb2+ 37. Ka4
Rc4+ 38. Ka5 b6+ 39. Ka6 Rc7+ $19) 30... Rxd3 31. Rxe5 Rdc3 32. Rexe6 Rxc2+ $10
) 27. fxg4 Rxc3 28. g5+ hxg5 $1 (28... Kg7 $6 29. gxh6+ Kh8 30. Rg5 $13) (28...
Ke7 $2 29. Be1 $1 {/\Bb4+,(gxh6),Bh5++/-} (29. gxh6 $2 f3 {/\Rxa3-+})) 29.
hxg5+ Kg7 30. Rh6 Rxa3 31. Bd3 Bc3 $1 32. Kd1 $8 f3 $1 33. Be3 Ra1+ 34. Bc1
Rxd3+ $1 35. cxd3 Bb3#) 25... Rd2 26. Re1 Rad8 27. Bxa7 Bxb3 28. cxb3 Ra2 29.
Rd1 $8 Rdd2 30. Rxd2 cxd2+ 31. Kd1 Ra1+ 32. Kxd2 Rxh1 $19) 24. Be2 $1 h4 (24...
c4 $2 25. h4 $1 {><g5,Kf6}) 25. Bxc5 Rac8 $6 (25... b6 26. Bf2 Rac8 $44 27. Rd1
$2 Bb3 $3 28. Rxd8 (28. Bd3 Rxd3 29. Rxd3 Rxc2+ $1 30. Kb1 Rxb2+ 31. Kc1 Ba2 $1
$19) 28... Rxc2+ 29. Kb1 (29. Kd1 Rc8+) 29... Rxb2+ 30. Kc1 Rc2+ 31. Kb1 Rxe2
$1 (31... Rb2+ $10) 32. Bd4 $8 Bxd4 33. Rxd4 g4 $1 34. Rf1 (34. fxg4 f3 {/\f2-+
}) 34... g3 $19) 26. Bxa7 Rd6 $2 (26... Rc6 27. Bb5 Rcd6 28. Bc5 Rd2 29. Bb6
R8d6 30. Bc7 $18) (26... Bb3 $142 27. c3 Ba4 $1 $44 {/\28...Bxc3!,29...Rxc3+=})
27. Rd1 $1 (27. Bf2 $2 Bb3 28. c3 Ba4 $1 $44) 27... Rdc6 28. Rd2 Bb3 (28... b6
29. Ba6 $1 (29. Bb5 $6 Rc5 30. a4 $2 Rxb5 $1 31. axb5 Ra8 $19 {עc1}) 29... Rg8
$8 30. a4 $1 {/\31.Bb5,32.Bxb6+- _|_} g4 31. Bb5 Rc5 32. Bxb6 Rxb5 33. axb5 Ra8
34. Rdd1 $1 $18) 29. c3 b6 30. Ba6 $2 (30. Bb5 $1 Rxc3+ $5 (30... Rc5 31. Bd7 {
/\Bxb6+-}) (30... R6c7 31. Bxb6 Rb7 32. Ba6 $18) 31. bxc3 Rxc3+ 32. Kb1 (32.
Kb2 Rd3+ 33. Kc1 Rc3+ 34. Kb1) 32... Be6 {/\Rxa3; /\Rb3+} 33. a4 $1 $8 Ra3 34.
Rb2 $1 $18) 30... Rg8 (30... Rxc3+ $1 31. bxc3 Rxc3+ 32. Kb1 Be6 $1 33. Rb2 $1
Rxa3 34. Rxb6 $5 (34. Bxb6 $10) 34... Ra1+ 35. Kc2 Ra2+ $1 (35... Rxh1 $4 36.
Bc4 $18) 36. Kd3 (36. Kc1 Ra1+ 37. Rb1 $2 Rxa6 {-/+/-+ עc1,Rh1,b1}) 36... Ra3+
37. Ke2 Ra2+ 38. Kf1 Ra1+ 39. Ke2 (39. Kg2 $4 h3+ 40. Kf2 Rxh1 41. Bc4 Bd4+ $19
) 39... Ra2+ $10) 31. Rg1 $4 $138 (31. Bb5 $1 Rc7 (31... Re6 32. Bd7 $18) (
31... Rc5 32. Bd7 Bc7 33. Bxb6 Bxb6 34. Rd6+ Ke7 35. Rxb6 Kxd7 36. Rxb3 g4 37.
Rb7+ Ke6 38. Rh7 $1 $18 {_|_}) 32. Bxb6 Rb7 33. Bd8+ Rxd8 34. Rxd8 Rxb5 $44)
31... Rg7 32. Bb5 Re6 33. Bd7 Ree7 $19 34. Bxb6 Rxd7 35. Bd8+ Ke6 36. Rxg5 $2 (
36. Rxd7 Kxd7 $1 37. Rxg5 (37. Bxg5 Bf6) 37... Kxd8 38. Rxe5 Rd7 $19) 36...
Rxd2 37. Kxd2 Rd7+ 38. Ke2 Rxd8 39. Rg6+ Kf7 40. Rh6 Bc4+ 41. Ke1 Bf6 42. Rh5
Rg8 43. Rf5 Rg1+ 44. Kd2 Kg6 45. Rc5 Rg2+ 46. Ke1 Rxh2 $1 47. e5 h3 48. exf6
Rxb2 49. f7 Bxf7 0-1

[Event "Linares 10th"]
[Site "Linares"]
[Date "1992.??.??"]
[Round "10"]
[White "Kasparov, Garry"]
[Black "Illescas Cordoba, Miguel"]
[Result "1-0"]
[WhiteElo "2780"]
[BlackElo "2555"]
[Annotator "Blatny,P"]
[PlyCount "63"]
[EventDate "1992.02.??"]
[EventType "tourn"]
[EventRounds "13"]
[EventCountry "ESP"]
[EventCategory "17"]
[SourceTitle "CBM 028"]
[Source "ChessBase"]
[SourceDate "1992.06.01"]
[SourceVersion "1"]
[SourceVersionDate "1992.06.01"]
[SourceQuality "1"]

1. e4 {Anand} c5 2. Nf3 e6 3. d4 cxd4 4. Nxd4 Nc6 5. Nc3 Nf6 6. Nxc6 bxc6 7. e5
Nd5 8. Ne4 Qc7 9. f4 Qb6 10. c4 Ne3 (10... Bb4+ 11. Ke2 f5 12. Nf2 Ba6 13. Kf3
Ne7 14. Be3 Bc5 15. Bxc5 Qxc5 16. Qd6 Qb6 17. b3 c5 18. Rd1 Bb7+ 19. Ke3 Kf7
20. Qxb6 axb6 21. Rxd7 {+/-/+- Chandler-Kasparov, Hamburg (sim) 1985}) 11. Qd3
Nf5 (11... Bb4+ {Anand} 12. Bd2 (12. Ke2 $2 Nxc4) 12... a5) 12. g4 Nd4 13. Bg2
(13. b3 Bb7 14. Be3 Nc2+ 15. Kf2 Nxe3 16. Qxe3 Qxe3+ 17. Kxe3 c5 {+/=/+/-
Hector-Van der Wiel,Haninge 1990}) 13... h5 14. g5 Bb7 15. Be3 $1 Nc2+ (15...
c5 {Anand} 16. O-O {P b4!}) 16. Kf2 Nxe3 17. Qxe3 Qxb2+ (17... c5 {Anand} 18.
Rhd1 $16) 18. Kg3 {/\Rb1} Ba6 (18... Qb6 19. c5 $16 {ץf8; 20...Be7 /\ 21...
0-0 --> Rhg1,Nf6 ->>>}) 19. Rab1 h4+ (19... Qxa2 20. Ra1 Qxc4 21. Bf1 $18 {
N+|^ > 3P}) 20. Kh3 Qc2 (20... Qa3 {Anand} 21. Rb3 $18) (20... Qxa2 {Anand} 21.
Ra1 Qxc4 22. Bf1 $18) 21. Rhc1 Qa4 22. Qc3 {/\23.c5, 24.Rb4 Qa5 25.Rb8 +-} Ba3
(22... Be7 23. Rb3 {--> main line}) 23. Rc2 Be7 24. Rb3 O-O {/\<->b} 25. Nf6+
$1 $18 gxf6 26. gxf6 Bc5 (26... Qxc4 27. Qxc4 Bxc4 28. Rxc4 $1 (28. fxe7 {_|_})
28... Bd8 29. f5 {/\Rxh4,Rg3#}) 27. Be4 Rfb8 {/\Kf8} (27... Qxc4 28. Qf3 Qf1+
29. Rg2+ $18) 28. Kxh4 {/\Qg3} Kf8 29. Rg2 Qxc4 30. Qxc4 (30. Qg3 $6 Ke8 31.
Qg8+ Bf8) 30... Bxc4 31. Bh7 Bf2+ (31... Ke8 32. Rg8+ Bf8 33. Rxf8+ $1 Kxf8 34.
Rg3 {35.Rg8#}) 32. Kh5 1-0

[Event "URS-chT Republics 19th Group1"]
[Site "Azov"]
[Date "1991.??.??"]
[Round "1"]
[White "Rublevsky, Sergei"]
[Black "Rogozenco, Dorian"]
[Result "1-0"]
[WhiteElo "2420"]
[BlackElo "2310"]
[Annotator "Blatny,P"]
[PlyCount "71"]
[EventDate "1991.??.??"]
[EventType "team-tourn"]
[EventRounds "5"]
[EventCountry "URS"]
[SourceTitle "EXT 2020"]
[Source "ChessBase"]
[SourceDate "2019.10.17"]
[SourceVersion "1"]
[SourceVersionDate "2019.10.17"]
[SourceQuality "1"]
[WhiteTeam "Russia"]
[BlackTeam "Moldova"]
[WhiteTeamCountry "RUS"]
[BlackTeamCountry "MDA"]

1. e4 c5 2. Nc3 Nc6 3. Nge2 e6 4. d4 cxd4 5. Nxd4 Nf6 6. Nxc6 bxc6 7. e5 Nd5 8.
Ne4 (8. Nxd5 cxd5 9. Bd3 Ba6 $10 {/\10.Ba6 Qa5+ =/+_|_}) 8... Qc7 (8... f5 9.
exf6 Nxf6 10. Nd6+ Bxd6 11. Qxd6 Qb6 12. Bd3 c5 13. Bf4 $14 {><e7,d6,e5}) 9. f4
Qb6 10. c4 $5 (10. Bd3 Ba6 11. a3 Be7 12. Qe2 Bxd3 13. Qxd3 f5 14. Nf2 $13)
10... Bb4+ 11. Ke2 (11. Bd2 $2 Qe3+ 12. Qe2 Bxd2+ 13. Nxd2 Qxe2+ 14. Bxe2 Nxf4
$19) 11... f5 12. exf6 (12. Nf2 Ba6 (12... Bc5 13. Nd3 Ne3 14. Qb3 Nxf1 15.
Qxb6 Bxb6 16. Rxf1 Ba6 17. b3 Bd4 18. Be3 $1 Bxa1 19. Rxa1 {/\Bc5-d6,Nc5+/-
Ivanov,A-Pesina, USSR 1981}) 13. Kf3 $5 Ne7 $13) 12... Nxf6 13. Be3 Qa5 14.
Nxf6+ gxf6 15. Kf2 O-O 16. Bd3 Rf7 (16... d5 $5) 17. Qe2 d5 18. Rhf1 Bc5 (18...
Bd7 19. Kg1 Bc5 20. Rf3 $40) 19. Kg1 Bxe3+ 20. Qxe3 Qb6 21. c5 Qc7 (21... Qxb2
22. Rab1 Qxa2 23. Rf3 $40) 22. b4 Rg7 23. Rae1 Bd7 24. Qd4 {[+]} Qd8 25. b5
cxb5 26. f5 $1 e5 (26... Qe7 27. fxe6 Bxe6 28. Bf5 $18) (26... Re7 27. fxe6
Rxe6 (27... Bxe6 28. Qxf6 Qd7 29. Rf3 {/\Rg3+-}) 28. Qg4+ $1 Kf7 29. Qh5+ Kf8
$8 30. Qh6+ Ke8 31. Bf5 $1 Qe7 (31... Re5 32. Rxe5+ fxe5 33. Bg6+ $18) (31...
Re7 32. Bg6+ $1 $18) 32. Bxe6 Bxe6 33. Rxf6 $18) 27. Qxd5+ Kh8 28. Rd1 $1 Qg8
29. Qxg8+ Raxg8 30. Be4 Rc8 31. Rd6 Rxc5 32. Rxf6 Be8 (32... Rc4 $2 33. Rf8+
$18) 33. Re6 Bf7 34. Re7 $18 Bxa2 (34... Kg8 35. f6 Rg4 36. Rd1 $1 Rc8 $8 37.
Bf5 $18) 35. f6 Rg4 36. f7 (36. f7 Bxf7 37. Rfxf7 Rc1+ 38. Kf2 $18) 1-0

[Event "Pamplona 9192 2nd"]
[Site "Pamplona"]
[Date "1991.??.??"]
[Round "3"]
[White "Fernandez Garcia, Jose Luis"]
[Black "Illescas Cordoba, Miguel"]
[Result "0-1"]
[WhiteElo "2470"]
[BlackElo "2545"]
[Annotator "Blatny,P"]
[PlyCount "80"]
[EventDate "1991.12.??"]
[EventType "tourn"]
[EventRounds "9"]
[EventCountry "ESP"]
[EventCategory "13"]
[SourceTitle "CBM 028"]
[Source "ChessBase"]
[SourceDate "1992.06.01"]
[SourceVersion "1"]
[SourceVersionDate "1992.06.01"]
[SourceQuality "1"]

1. e4 c5 2. Nf3 e6 3. d4 cxd4 4. Nxd4 Nc6 5. Nb5 Nf6 6. N1c3 Bb4 7. a3 Bxc3+ 8.
Nxc3 d5 9. exd5 exd5 10. Bd3 d4 (10... O-O 11. O-O h6 12. Bf4 d4 13. Nb5 Nd5
14. Bg3 Be6 15. Re1 Qd7 16. Nd6 {Polgar,J-Stein, Dortmund II 1990}) 11. Qe2+ (
11. Ne2 Bf5 12. O-O (12. Bxf5 Qa5+ $10) 12... Bxd3 13. Qxd3 O-O (13... h6 $5)
14. Bg5 h6 15. Bh4 $14 {Estevez-Chaviano, Santa Clara 1983}) 11... Be6 12. Ne4
Nxe4 (12... O-O 13. Bg5 Qa5+ 14. Bd2 Qe5 15. Nxf6+ Qxf6 16. Qe4 $36) 13. Qxe4 (
13. Bxe4 O-O 14. O-O (14. Qh5 g6 15. Qg5 Re8 $36) 14... Bd5 $10) 13... Qd5 14.
Qxd5 (14. Bf4 O-O-O 15. O-O $132 {Frolov-Maljutin, USSR 1989}) 14... Bxd5 15.
Bf4 (15. O-O O-O 16. Re1 Rac8 17. Bd2 Be6 18. c4 dxc3 19. Bxc3 $14 {
Chiburdanidze-Barlov, Biel II 1990}) 15... O-O (15... Bxg2 16. Rg1 Bd5 17. Rxg7
$16) 16. O-O {+/= ^^} Rfe8 17. Rfe1 f6 18. Rxe8+ Rxe8 19. Rd1 (19. h4 Ne5 $10)
19... g5 (19... Be4 $2 20. Re1 Bg6 21. Rxe8+ Bxe8 {+/=/+/- _|_ ^^}) 20. Bg3 Bf7
21. f4 (21. f3 $142 Bg6 22. Kf1 Bxd3+ 23. Rxd3 {+/=/=}) 21... gxf4 22. Bxf4 Bg6
23. Kf2 Kg7 24. Rd2 Bxd3 25. Rxd3 Re4 $10 26. Rg3+ (26. Kf3 Re1 $36) (26. g3 {
/\Rb3 -><<} b5 27. Rb3 a6 $10) 26... Kf7 27. Bd2 (27. Bh6 Rh4 28. Rg7+ Kf8 29.
Rg6+ Kf7 30. Rg7+ $10) 27... Ne5 $15 28. h3 (28. c3 d3 29. Re3 f5 $17) 28... h5
29. Bh6 Ke6 30. Rg7 Nf7 31. Bd2 Re5 32. Bb4 (32. g4 $5) 32... a5 33. Bf8 Rb5
34. b4 (34. b3 b6 $1 {קc2 Rd5-d7-c7}) 34... b6 35. Ke2 (35. bxa5 $142 bxa5 36.
Ke2) 35... a4 $17 {קa3} 36. Kd3 (36. Rg3 $142) 36... Rd5 {/\Ne5-c4-a3} 37. b5
(37. Rh7 Rd8 38. Bg7 Ne5+) 37... Ne5+ 38. Ke4 (38. Ke2 Rxb5) 38... f5+ 39. Kf4
Kf6 40. Kg3 (40. Rg8 Kf7 41. Rh8 Ng6+ $19) 40... Nd7 0-1

[Event "Haninge"]
[Site "Haninge"]
[Date "1990.??.??"]
[Round "5"]
[White "Hector, Jonny"]
[Black "Van der Wiel, John"]
[Result "1-0"]
[WhiteElo "2465"]
[BlackElo "2550"]
[Annotator "Boensch,U"]
[PlyCount "85"]
[EventDate "1990.05.??"]
[EventType "tourn"]
[EventRounds "11"]
[EventCountry "SWE"]
[EventCategory "14"]
[SourceTitle "CBM 018"]
[Source "ChessBase"]
[SourceDate "1990.10.01"]
[SourceVersion "1"]
[SourceVersionDate "1990.10.01"]
[SourceQuality "1"]

1. e4 {Bönsch} c5 2. Nf3 e6 3. d4 cxd4 4. Nxd4 Nf6 5. Nc3 Nc6 6. Nxc6 bxc6 7.
e5 Nd5 8. Ne4 Qc7 9. f4 Qb6 10. c4 Ne3 (10... Bb4+ 11. Ke2 f5 12. exf6 Nxf6 13.
Be3 Qc7 {Watson - Kosten Bayswater 1989  13...Da5!?}) 11. Qd3 Nf5 12. g4 Nd4
13. b3 Bb7 14. Be3 (14. Bb2 c5 15. Bg2 Rd8 16. O-O h5 17. Bxd4 cxd4 18. g5 $16
{/\ g5-g6 Barua - Inf.45/202}) 14... Nc2+ 15. Kf2 Nxe3 16. Qxe3 Qxe3+ 17. Kxe3
c5 $8 18. Bg2 O-O-O 19. Rhd1 h5 20. g5 Bxe4 (20... g6 21. Nd6+ Bxd6 22. Bxb7+
Kxb7 23. Rxd6 $16) 21. Kxe4 g6 22. b4 $1 Kc7 (22... cxb4 23. c5 $16) 23. b5 d6
24. Rd3 dxe5 25. Rxd8 Kxd8 26. fxe5 h4 27. Rd1+ Kc8 28. Kf4 h3 29. Bf3 Be7 30.
Rd3 Rd8 31. Rxd8+ Bxd8 32. Bc6 $18 Ba5 33. Be8 Bd2+ 34. Kg4 Bc3 35. Bxf7 Kd7
36. Kxh3 Bxe5 37. Kg2 Bc3 38. Bxg6 Kd6 39. Kf3 Ke5 40. Bf7 Kf5 41. h4 Bd4 (
41... Be1 42. g6 Kf6 43. h5 Bd2 44. a4 $18) 42. a4 Bc3 43. Be8 1-0

[Event "Noviki-A"]
[Site "Budapest"]
[Date "1990.??.??"]
[Round "5"]
[White "Lau, Ralf"]
[Black "Schmittdiel, Eckhard"]
[Result "1-0"]
[WhiteElo "2460"]
[BlackElo "2455"]
[Annotator "Boensch,U"]
[PlyCount "39"]
[EventDate "1990.??.??"]
[EventType "tourn"]
[EventRounds "11"]
[EventCountry "HUN"]
[EventCategory "9"]
[SourceTitle "CBM 019"]
[Source "ChessBase"]
[SourceDate "1990.12.01"]
[SourceVersion "1"]
[SourceVersionDate "1990.12.01"]
[SourceQuality "1"]

1. e4 {Bönsch} c5 2. Nf3 e6 3. d4 cxd4 4. Nxd4 Nf6 5. Nc3 Nc6 6. Nxc6 bxc6 7.
e5 Nd5 8. Ne4 Qc7 9. f4 Qb6 (9... Qa5+ $5 10. Bd2 Qb6 $13) 10. c4 Bb4+ 11. Ke2
f5 12. exf6 Nxf6 13. Be3 Qb7 $6 (13... Qa5) 14. Nxf6+ gxf6 15. Kf2 d6 $2 (15...
d5 16. Be2 $16 (16. Qh5+ Qf7)) 16. a3 Bc5 17. Qh5+ Ke7 18. Bxc5 Qxb2+ 19. Be2
dxc5 20. Qxc5+ (20. Qxc5+ Kf7 21. Rab1 Qc2 (21... Qd2 22. Rhd1 Qxf4+ 23. Bf3
Qc7 (23... a5 24. Rb7+ $1 Bxb7 25. Rd7+ Kg8 26. Qe7 Qh4+ 27. g3 Qxh2+ 28. Bg2
$18) 24. Qxc6 $18) 22. Qxc6 $18) 1-0

[Event "Olympiad-23"]
[Site "Buenos Aires"]
[Date "1978.10.27"]
[Round "3"]
[White "Byrne, Robert Eugene"]
[Black "Day, Lawrence A"]
[Result "1-0"]
[WhiteElo "2550"]
[BlackElo "2350"]
[Annotator "Byrne/Mednis"]
[PlyCount "77"]
[EventDate "1978.10.25"]
[EventType "team-swiss"]
[EventRounds "14"]
[EventCountry "ARG"]
[SourceTitle "EXT 2000"]
[Source "ChessBase"]
[SourceDate "1999.11.16"]
[SourceVersion "1"]
[SourceVersionDate "1999.11.16"]
[SourceQuality "1"]
[WhiteTeam "US of America"]
[BlackTeam "Canada"]
[WhiteTeamCountry "USA"]
[BlackTeamCountry "CAN"]

{Inf.26/400} 1. e4 c5 2. Nf3 e6 3. d4 cxd4 4. Nxd4 Nf6 5. Nc3 Nc6 6. Nxc6 bxc6
7. e5 Nd5 8. Ne4 f5 9. Nd6+ $5 Bxd6 10. exd6 Qb6 $1 (10... O-O $2 11. c4 $16)
11. c4 Nf6 12. Be2 c5 $6 (12... Ne4 13. O-O c5 $1 14. Bf3 O-O $1 $13) 13. O-O (
13. f3 $1) 13... Bb7 $2 (13... Ne4 $1) 14. Bf4 O-O 15. Be5 $16 Bc6 16. Qd3 Rf7
17. f3 Bb7 18. Rfd1 Qc6 19. Bf1 Nh5 20. Qc3 (20. Rd2 $1 {/\ Re1,
Kf2-e2-d1-c1-b1, g4}) 20... a5 21. Rd2 Qb6 22. Bd3 Qd8 23. Re2 a4 24. Qd2 Qh4
25. Rf1 $16 Ra6 $2 (25... Bc6 $16) 26. g3 $1 Qh3 (26... Qd8 27. g4 $1 fxg4 28.
fxg4 Rxf1+ 29. Kxf1 Nf6 30. Qf4 {/\ Rf2, g5+-}) 27. Qg5 $1 Ra8 28. Ref2 Raf8
29. Re1 $1 Nf6 (29... f4 30. Bf1 Qf5 31. Qxf5 exf5 32. g4 fxg4 33. fxg4 Nf6 34.
Rxf4 $18) 30. Bf1 Qh6 31. Qxh6 gxh6 32. Bf4 Kg7 33. Re5 Nh5 (33... Rc8 $2 34.
Be3 $18) 34. Bd2 $1 (34. Be3 $6 f4 $1 $132) 34... Rc8 35. g4 $1 Nf6 36. gxf5
exf5 37. Rxf5 $18 Ne8 $2 38. Rg2+ Kf8 39. Bxh6+ 1-0